| 000 | 00542cam a22002291 4500 | ||
|---|---|---|---|
| 001 | sa 65003038 | ||
| 003 | DLC | ||
| 005 | 20260227112120.0 | ||
| 008 | 940805m19649999ii 000 1 beno | ||
| 010 | _asa 65003038 | ||
| 025 | _aPL480:I-B-1668 | ||
| 035 | _a(OCoLC)30890282 | ||
| 040 |
_aDLC _cCU _dCU _dDLC |
||
| 042 | _apremarc | ||
| 050 | 0 | 0 |
_aPK1718.D263 _bA83 |
| 100 | 1 |
_aDas, Sri Krishna, _d1929- |
|
| 245 | 1 | 0 | _aAparicita andhakāre. |
| 260 | _c[1964- | ||
| 300 |
_av. _c22 cm. |
||
| 500 | _aIn Bengali. | ||
| 500 | _aA novel. | ||
| 999 |
_c62938 _d62938 |
||